000 02071cam a22005174i 4500
003 PE-LiUPU
005 20250731165528.0
008 150623s r 000 0 d
020 _a8470500511
035 _a(Sirsi) i9788470500510
040 _aPE-LiUPU
_bspa
_cPE-LiUPU
_erda
049 _aPRUA
082 0 4 _a270.9
_bH
_221
100 1 _aDelaruelle, E.,
_eautor.
245 1 3 _aEl gran cisma de occidente.
_n15 /
_cE. Delaruelle, E. R. Labande y Paul Ourliac.
264 1 _aValencia, España :
_bEdicep,
_c1977.
300 _a620 páginas :
_bilustraciones fotos ;
_c28 centímetros
336 _atext
_2rdacontent
337 _aunmediated
_2rdamedia
338 _avolume
_2rdacarrier
490 0 _aHistoria de la iglesia ;
_v15
505 0 _aLas dos elecciones de 1378. -La túnica sin costura desgarrada. -El atolladero. -Abdicación o substracción de la obediencia?. -La vía de convenio. -La vía del concilio general. -La unidad recobrada. -El pontificado de Martín V. -Loa comienzs del concilio de basilea. -Sociología del concilio. -El papa y el concilio. -La victoria del papado.
526 _aSEG44
526 _aSEG26
526 _aP151
526 _aP150
526 _aP149
526 _aP146
526 _aP145
526 _aP126
526 _aP125
526 _aP92
526 _aP75
526 _aP74
526 _aP27
526 _aP15
650 0 4 _aIglesia
_xHistoria
_yCisma de Occidente.
700 1 _aLabande, E. R.,
_eautor.
700 1 _aOurliac, Paul,
_eautor.
942 _2ddc
_cBOOK
949 _aRC 270.9 H 15
_wDEWEY
_c1
_i16333
_lCCODEBUL1
_mBUL
_r0
_sY
_tBOOK
_u2015-6-24
_xTEOLOGIA
_PP35
_0COMPRA
_o.CIRCNOTE. No olvidar cambiar la fecha de devolución!!!!!!!
_o.STAFF. Colección General
994 _aC0
_bPEPRU
596 _a1
999 _aRC 270.9 H 15
_wDEWEY
_c36500
_i16333
_f2021-11-8
_g6
_lCCODEBUL1
_mBUL
_r1
_sY
_tBOOK
_u2015-6-24
_xTEOLOGIA
_PP35
_0COMPRA
_o.CIRCNOTE. No olvidar cambiar la fecha de devolución!!!!!!!
_o.STAFF. Colección General
_d36500
980 _81
_gALBERTO SANCHEZ Responsable de Automatización